Test culture générale- 25 - Statistiques

Statistiques générales
  • Ce quiz a été pris 2 254 fois
  • Le résultat moyen est 4 sur 10
Statistiques - réponses
Questions Réponses % Correct
De quel pays vient Vasco de Gama? Du Portugal
90%
Quel est le nom de la capitale Australienne? Canberra
88%
De quel animal le Sphinx de Gizeh a-t-il le corps? D’un lion
88%
Dans la mythologie grec, quel est le nom de l’homme qui a épousé sa mère et a eu comme enfants: Étéocle, Polynice, Ismène et Antigone? (D’ailleurs, nom d’un complexe psychologique dont tout les enfants âgés d’environ trois ans sont atteints) Œdipe
72%
Quel est le premier pays à avoir accordé le droit de vote aux femmes? La Nouvelle-Zélande en 1893, bien qu’elles soient éligibles dès 1919.
26%
Dans quel film retrouve-t-on le personnage de Keyser Söze? Usual Suspects
23%
Quel groupe anglais avait pour leader Mark Knopfler dès 1978? Dire Straits
18%
« Ôte-toi de mon Soleil ». À qui Diogène s’adresse-t-il? À Alexandre le Grand
16%
De quelle pièce de Molière, Alceste et Célimène sont-ils les protagonistes? Le Misanthrope
14%
Quel terme a pour définition « adjectif utilisé pour définir un discours ou un texte qui est difficile à comprendre. Cela peut être mystérieux ou trop complexe »? Sibyllin
7%
Aucun quiz correspondant
Distribution des résultats
% des personnes avec chaque résultat
Percentile par nombre de réponses
Votre historique - résultats
Vous n’avez pas pris ce quiz